Pokemon Fusion #1 - Statistics

General Stats
  • This quiz has been taken 55 times
  • The average score is 8 of 16
Answer Stats
Picture Answer % Correct
Bulbasaur + Charmander
90%
Pikachu + Eevee
90%
Butterfree + Beedrill
78%
Clefable + Muk
76%
Squirtle + Blastoise
71%
Venusaur + Lapras
68%
Magneton + Electabuzz
63%
Gastly + Ninetales
54%
Magikarp + Machamp
54%
Dragonair + Moltres
44%
Onix + Scyther
44%
Gengar + Rhydon
34%
Slowbro + Cloyster
27%
Victreebel + Vileplume
27%
Arbok + Golem
10%
Porygon + Electrode
5%
No matching quizzes found
Score Distribution
Percent of People with Each Score
Percentile by Number Answered
Your Score History
You have not taken this quiz